[Event "XXXIV C.to Italiano a squadre A2.2"]
[Site "ITA"]
[Date "2002.02.24"]
[Round "1"]
[White "Bressanelli, Roberto"]
[Black "Sbarra, Marco"]
[WhiteElo "2090"]
[BlackElo "2240"]
[Result "1/2-1/2"]
[PlyCount "85"]
[EventDate "2002.02.24"]

1. d4 d5 2. Bg5 h6 3. Bh4 c6 4. c3 Qb6 5. Qb3 Bf5 6. Nd2 Nd7 7. Ngf3 Ngf6 8. e3
g5 9. Bg3 Nh5 10. Be2 Nxg3 11. hxg3 Bg7 12. Rc1 O-O 13. Qa3 Rfe8 14. c4 e5 15.
cxd5 exd4 16. Nc4 Qd8 17. dxc6 Bf8 18. cxd7 Bxa3 19. dxe8=Q+ Qxe8 20. bxa3 dxe3
21. Nxe3 Rc8 22. Rxc8 Qxc8 23. Nxf5 Qxf5 24. O-O Qc2 25. Bb5 Qxa2 26. a4 a6 27.
Be8 g4 28. Ne5 Qe2 29. Bxf7+ Kg7 30. Bd5 Qxe5 31. Bxb7 Qa5 32. Bc6 Qc5 33. Be8
Qe5 34. Bc6 Qd6 35. Rc1 Qd2 36. Rc4 h5 37. Kh2 Qxf2 38. Rf4 Qc5 39. Bd7 Qd6 40.
Bxg4 hxg4 41. Rxg4+ Kf6 42. Rf4+ Kg5 43. Rh4 1/2-1/2

[Event "XXXIV C.to Italiano a squadre A2.2"]
[Site "ITA"]
[Date "2002.02.24"]
[Round "1"]
[White "Carparelli, Luciano"]
[Black "Masotti, Roberto"]
[WhiteElo "2096"]
[BlackElo "1705"]
[Result "1-0"]
[PlyCount "69"]
[EventDate "2002.02.24"]

1. e4 c5 2. Nf3 e6 3. d4 cxd4 4. Nxd4 a6 5. c4 Nf6 6. Nc3 Bb4 7. Bd3 Qc7 8. Be3
O-O 9. O-O Bxc3 10. bxc3 d6 11. f4 Nbd7 12. Nb3 b6 13. Qe2 Bb7 14. Bd2 Rfe8 15.
Rae1 Nc5 16. Nxc5 Qxc5+ 17. Be3 Qc6 18. e5 dxe5 19. fxe5 Ne4 20. Rf4 f5 21.
exf6 Nxf6 22. Rh4 Rad8 23. Bc2 e5 24. Bg5 g6 25. Rf1 Rd6 26. Rh3 e4 27. Be3 Bc8
28. Rh4 Nh5 29. Bd4 Rf8 30. Rxf8+ Kxf8 31. Rxe4 Bf5 32. g4 Bxe4 33. Bxe4 Nf4
34. Qf3 Rf6 35. Bxc6 1-0

[Event "XXXIV C.to Italiano a squadre A2.2"]
[Site "ITA"]
[Date "2002.02.24"]
[Round "1"]
[White "Contini, Luca"]
[Black "Mastrorilli, Nicola"]
[WhiteElo "2337"]
[BlackElo "1854"]
[Result "1-0"]
[PlyCount "119"]
[EventDate "2002.02.24"]

1. d4 Nf6 2. c4 e6 3. Nf3 b6 4. a3 Ba6 5. Qc2 Bb7 6. Nc3 c5 7. e4 cxd4 8. Nxd4
Nc6 9. Nxc6 Bxc6 10. Bf4 Bc5 11. Be2 O-O 12. Rd1 a5 13. O-O Qe7 14. e5 Ne8 15.
Ne4 Bxe4 16. Qxe4 Ra7 17. Be3 d6 18. f4 f5 19. exf6 Nxf6 20. Qf3 Nd7 21. Bxc5
bxc5 22. Qc6 Rb8 23. Rxd6 Nf8 24. Bg4 Rc7 25. Bxe6+ Nxe6 26. Rxe6 Rxc6 27. Rxe7
Rxb2 28. Rd1 Kf8 29. Ra7 Re6 30. Rd8+ Re8 31. Rxe8+ Kxe8 32. Rxa5 Rb3 33. Rxc5
Rxa3 34. Rc7 Rc3 35. Kf2 g6 36. Rxh7 Rxc4 37. Kg3 Kf8 38. h4 Kg8 39. Ra7 Rc3+
40. Kg4 Rc5 41. g3 Rb5 42. Re7 Rb3 43. h5 gxh5+ 44. Kh4 Rf3 45. Re5 Kg7 46.
Kxh5 Kf6 47. Kg4 Ra3 48. Rb5 Ra6 49. Rh5 Kg6 50. f5+ Kg7 51. Kg5 Ra7 52. g4 Rb7
53. Rh1 Rb6 54. f6+ Kg8 55. Kg6 Rb7 56. f7+ Rxf7 57. Rh8+ Kxh8 58. Kxf7 Kh7 59.
g5 Kh8 60. Kg6 1-0

[Event "XXXIV C.to Italiano a squadre A2.2"]
[Site "ITA"]
[Date "2002.02.24"]
[Round "1"]
[White "Vecchia, Mario"]
[Black "Zoldan, Matteo"]
[WhiteElo "1701"]
[BlackElo "2121"]
[Result "1/2-1/2"]
[PlyCount "64"]
[EventDate "2002.02.24"]

1. e4 c5 2. Nf3 e6 3. d4 cxd4 4. Nxd4 Nf6 5. Nc3 d6 6. Bg5 Be7 7. f4 O-O 8. Qf3
Nc6 9. O-O-O Nxd4 10. Rxd4 Bd7 11. Bxf6 Bxf6 12. Rxd6 Qc7 13. e5 Be7 14. Rd1 f5
15. Nb5 Bxb5 16. Bxb5 Rac8 17. Ba4 Rfd8 18. Bb3 Qb6 19. g4 Kh8 20. gxf5 exf5
21. Kb1 Rxd1+ 22. Rxd1 Rd8 23. Rxd8+ Qxd8 24. Qd5 Qxd5 25. Bxd5 b6 26. Kc1 g5
27. fxg5 Bxg5+ 28. Kd1 Kg7 29. Ke2 Bf4 30. e6 Kf6 31. h3 Bc1 32. b3 Ba3 1/2-1/2

[Event "XXXIV C.to Italiano a squadre A2.2"]
[Site "ITA"]
[Date "2002.03.09"]
[Round "2"]
[White "Albano, Marco"]
[Black "Pozzi, Enrico"]
[WhiteElo "2230"]
[BlackElo "2232"]
[Result "1-0"]
[PlyCount "53"]
[EventDate "2002.02.24"]

1. e4 b6 2. d4 e6 3. Nf3 Bb7 4. Bd3 Nf6 5. Bg5 h6 6. Bxf6 Qxf6 7. O-O d6 8.
Nbd2 Nd7 9. Qe2 e5 10. Ba6 Bxa6 11. Qxa6 exd4 12. Qb7 Qd8 13. Nxd4 Qc8 14. Qc6
Be7 15. Nf5 Bf6 16. e5 dxe5 17. Ne4 Kf8 18. Rad1 Nc5 19. Nxf6 gxf6 20. Qxf6 Rh7
21. b4 Ne4 22. Qe7+ Kg8 23. Qxe5 Qe6 24. Qf4 Nc3 25. Qg4+ Kf8 26. Rfe1 Qc6 27.
Ne7 1-0

[Event "XXXIV C.to Italiano a squadre A2.2"]
[Site "ITA"]
[Date "2002.03.09"]
[Round "2"]
[White "Bini, Massimo"]
[Black "Bressanelli, Roberto"]
[WhiteElo "1970"]
[BlackElo "2090"]
[Result "1/2-1/2"]
[PlyCount "67"]
[EventDate "2002.02.24"]

1. d4 d5 2. Nf3 Nf6 3. Bf4 Bf5 4. e3 e6 5. c3 Bd6 6. Bg3 Ne4 7. Qb3 Nd7 8. Nbd2
Nxd2 9. Nxd2 Bxg3 10. hxg3 Rb8 11. c4 c6 12. Bd3 Bxd3 13. Qxd3 h6 14. Rc1 Nf6
15. a3 O-O 16. O-O dxc4 17. Qxc4 Qd5 18. Qa4 a6 19. Rc5 Qd7 20. Rfc1 Rfe8 21.
Qc2 Qe7 22. Nf3 Nd7 23. Rc3 e5 24. Nxe5 Nxe5 25. dxe5 Qxe5 26. Rd1 Red8 27.
Rcd3 Rxd3 28. Rxd3 c5 29. Rd7 b5 30. Qd2 b4 31. Rd5 Qe7 32. Rd7 Qe5 33. Rd5 Qe7
34. Rd7 1/2-1/2

[Event "XXXIV C.to Italiano a squadre A2.2"]
[Site "ITA"]
[Date "2002.03.09"]
[Round "2"]
[White "Gilardone, Adriano"]
[Black "Righini, Giovanni"]
[WhiteElo "1729"]
[BlackElo "1719"]
[Result "1-0"]
[PlyCount "91"]
[EventDate "2002.02.24"]

1. e4 e6 2. d4 d5 3. exd5 exd5 4. Bd3 Bd6 5. Nc3 c6 6. Nge2 Qc7 7. Bg5 Bg4 8.
h3 Bh5 9. Qd2 Bg6 10. O-O-O Bxd3 11. Qxd3 Ne7 12. Rhe1 O-O 13. Bh4 Ng6 14. Bg3
Nd7 15. Bxd6 Qxd6 16. Qg3 Qxg3 17. fxg3 Rae8 18. Nf4 Nxf4 19. gxf4 h5 20. g3 f6
21. a4 a5 22. b3 Kf7 23. Kd2 Rxe1 24. Rxe1 Re8 25. Rxe8 Kxe8 26. Ke3 f5 27. Nd1
b5 28. axb5 cxb5 29. Nc3 Nb6 30. Nxb5 Kd7 31. Nc3 Kc6 32. Kf3 Kd6 33. g4 hxg4+
34. hxg4 Ke6 35. Nb5 a4 36. bxa4 Nxa4 37. Nc7+ Kd6 38. Ne8+ Ke7 39. Nxg7 fxg4+
40. Kxg4 Nc3 41. Kf5 Kd6 42. Kf6 Ne4+ 43. Kg6 Nc3 44. f5 Ne2 45. f6 Nxd4 46.
Nf5+ 1-0

[Event "XXXIV C.to Italiano a squadre A2.2"]
[Site "ITA"]
[Date "2002.03.09"]
[Round "2"]
[White "Mastrorilli, Nicola"]
[Black "Romagnoli, Franco"]
[WhiteElo "1854"]
[BlackElo "1940"]
[Result "0-1"]
[PlyCount "78"]
[EventDate "2002.02.24"]

1. d4 Nf6 2. c4 c5 3. d5 b5 4. cxb5 a6 5. bxa6 Bxa6 6. Nc3 d6 7. e4 Bxf1 8.
Kxf1 g6 9. Nf3 Nbd7 10. g3 Bg7 11. Kg2 O-O 12. Qe2 Qa5 13. Nd2 Rfb8 14. Nc4 Qb4
15. f4 Qb7 16. Rd1 Ne8 17. e5 dxe5 18. fxe5 e6 19. Kg1 exd5 20. Nxd5 Nf8 21.
Nf4 Nc7 22. b3 Nce6 23. Nxe6 Nxe6 24. Bb2 Ng5 25. Qg2 Qe7 26. h4 Ne6 27. Nb6
Ra6 28. Nd5 Qa7 29. Nf6+ Bxf6 30. exf6 c4+ 31. Qf2 Qb7 32. Be5 Rc8 33. bxc4
Rxc4 34. Rab1 Rb4 35. Rxb4 Qxb4 36. Qd2 Qc5+ 37. Bd4 Qc7 38. Kh2 Rd6 39. Qb2
Qd8 0-1

[Event "XXXIV C.to Italiano a squadre A2.2"]
[Site "ITA"]
[Date "2002.03.24"]
[Round "3"]
[White "Bressanelli, Roberto"]
[Black "Barlocco, Carlo"]
[WhiteElo "2090"]
[BlackElo "2120"]
[Result "1/2-1/2"]
[PlyCount "139"]
[EventDate "2002.02.24"]

1. d4 d5 2. Bg5 h6 3. Bh4 c6 4. c3 Qb6 5. Qb3 Bf5 6. Nd2 Nd7 7. e3 e5 8. Bg3
exd4 9. exd4 Ngf6 10. Ngf3 Be7 11. Be2 O-O 12. O-O Rfe8 13. Rfe1 Ne4 14. Nxe4
Bxe4 15. Nd2 Bg6 16. Bf1 Nf6 17. Bh4 Ne4 18. Bxe7 Nxd2 19. Qa3 Qc7 20. f3 Nxf1
21. Bd6 Qb6 22. Kxf1 Qb5+ 23. Kf2 Qd3 24. Be7 b6 25. Qd6 Rac8 26. Re3 Qb5 27.
b4 Qa4 28. Rae1 Qxa2+ 29. Kg1 a5 30. bxa5 Qxa5 31. Qd7 Qa8 32. Kf2 Rb8 33. Kg3
Qb7 34. Qxb7 Rxb7 35. Bd6 Rxe3 36. Rxe3 Rd7 37. Re8+ Kh7 38. Bf8 Rc7 39. Bd6
Rd7 40. Bf8 Ra7 41. Rc8 Bd3 42. Rxc6 Ra2 43. Rxb6 Bf1 44. Rb1 Rxg2+ 45. Kh3
Rg1+ 46. Kh4 g5+ 47. Kh5 Rh1 48. Bxh6 Rxh2+ 49. Kxg5 Bd3 50. Rb6 Bg6 51. Bf8
Rh5+ 52. Kf4 Rf5+ 53. Ke3 Bh5 54. f4 Bg6 55. c4 dxc4 56. Rc6 Rh5 57. Rxc4 Rh3+
58. Kf2 Be4 59. Bd6 Kg6 60. Rc5 Rf3+ 61. Ke2 Rb3 62. Rg5+ Kf6 63. Re5 Bd3+ 64.
Kd2 Bc4 65. Be7+ Kg6 66. Rg5+ Kh6 67. Bf8+ Kh7 68. Bg7 Rd3+ 69. Ke1 Rf3 70. Be5
1/2-1/2

[Event "XXXIV C.to Italiano a squadre A2.2"]
[Site "ITA"]
[Date "2002.03.24"]
[Round "3"]
[White "Contini, Luca"]
[Black "Albano, Marco"]
[WhiteElo "2337"]
[BlackElo "2230"]
[Result "0-1"]
[PlyCount "92"]
[EventDate "2002.02.24"]

1. d4 Nf6 2. c4 c5 3. Nf3 g6 4. Nc3 cxd4 5. Nxd4 Bg7 6. e4 O-O 7. Be2 Nc6 8.
Be3 d6 9. O-O Bd7 10. Qd2 Nxd4 11. Bxd4 Bc6 12. f3 a6 13. Rfd1 Qb8 14. Nd5 Bxd5
15. cxd5 b5 16. Rac1 Rc8 17. Rxc8+ Qxc8 18. Rc1 Qb7 19. Qc3 Rb8 20. b4 Bh6 21.
Rc2 Nd7 22. Qc6 f6 23. g3 Ne5 24. Qxb7 Rxb7 25. f4 Nc4 26. Bxc4 bxc4 27. Rxc4
Kf7 28. Kf2 e6 29. dxe6+ Kxe6 30. a3 f5 31. exf5+ Kd5 32. Rc1 Kxd4 33. fxg6 d5
34. gxh7 Rxh7 35. Rc6 a5 36. bxa5 Bf8 37. h4 Bc5 38. f5 Kc4+ 39. Ke2 d4 40. a6
Kd5 41. Rg6 Bd6 42. f6 Be5 43. g4 Ke4 44. Rg7 d3+ 45. Kd1 Rxh4 46. Re7 Kd4 0-1

[Event "XXXIV C.to Italiano a squadre A2.2"]
[Site "ITA"]
[Date "2002.03.24"]
[Round "3"]
[White "Festa, Samuele"]
[Black "Larsen, Bo"]
[WhiteElo "1639"]
[BlackElo "2156"]
[Result "1/2-1/2"]
[PlyCount "72"]
[EventDate "2002.02.24"]

1. d4 f5 2. c4 Nf6 3. Nc3 g6 4. Nf3 Bg7 5. g3 O-O 6. Bg2 d6 7. O-O Nc6 8. e3 e5
9. dxe5 dxe5 10. b3 e4 11. Nd4 Ne5 12. Ba3 Re8 13. Qc2 Nd3 14. Rad1 c5 15. Nde2
Qa5 16. Bb2 Ng4 17. Ba1 Nge5 18. Nd5 Be6 19. Bc3 Qd8 20. Ndf4 Qc7 21. Bxe5 Nxe5
22. Nxe6 Rxe6 23. Nf4 Ra6 24. Rd2 Qf7 25. Rfd1 Bf6 26. h4 h6 27. Rd6 Rxd6 28.
Rxd6 Rd8 29. Qd1 Rxd6 30. Qxd6 b6 31. Qd5 Qxd5 32. Nxd5 Kf7 33. Bf1 Nf3+ 34.
Kg2 Ne1+ 35. Kg1 Nf3+ 36. Kg2 Ne1+ 1/2-1/2

[Event "XXXIV C.to Italiano a squadre A2.2"]
[Site "ITA"]
[Date "2002.03.24"]
[Round "3"]
[White "Pozzi, Enrico"]
[Black "Mastrorilli, Nicola"]
[WhiteElo "2232"]
[BlackElo "1854"]
[Result "1/2-1/2"]
[PlyCount "104"]
[EventDate "2002.02.24"]

1. e4 c5 2. Nf3 g6 3. d4 Bg7 4. dxc5 Qa5+ 5. Bd2 Qxc5 6. Bc3 Nf6 7. Bd3 O-O 8.
O-O Nc6 9. Nbd2 d5 10. Nb3 Qb6 11. exd5 Nxd5 12. Bxg7 Kxg7 13. Bc4 Nf4 14. Qd2
Qc7 15. Rfe1 Bg4 16. Qc3+ f6 17. Bb5 e5 18. Bxc6 Qxc6 19. Qxc6 bxc6 20. Nfd2
Rfd8 21. f3 Be6 22. g3 Nd5 23. Nc5 Bf5 24. Nde4 Nb4 25. Re2 a5 26. a3 Na6 27.
g4 Nxc5 28. Nxc5 Bc8 29. Rb1 Rd5 30. b4 axb4 31. axb4 Kf7 32. Kf2 Ra3 33. Rb3
Ra1 34. Rb2 Ba6 35. Nxa6 Rxa6 36. c3 Ke6 37. Re4 Ra3 38. Rc4 Kd6 39. Ke2 Ra1
40. Ke3 Re1+ 41. Kf2 Ra1 42. Rc2 Rad1 43. Re4 R5d2+ 44. Re2 Rxc2 45. Rxc2 Rb1
46. Rd2+ Ke6 47. Ke3 Re1+ 48. Re2 Rc1 49. Kd3 Rf1 50. Ke3 Rc1 51. Kd3 Rf1 52.
Ke3 Rc1 1/2-1/2

[Event "XXXIV C.to Italiano a squadre A2.2"]
[Site "ITA"]
[Date "2002.03.24"]
[Round "3"]
[White "Sgnaolin, Davide"]
[Black "Masotti, Roberto"]
[WhiteElo "2118"]
[BlackElo "1705"]
[Result "1-0"]
[PlyCount "53"]
[EventDate "2002.02.24"]

1. e4 c5 2. c3 d5 3. exd5 Qxd5 4. d4 Nc6 5. Nf3 Bg4 6. Be2 Nf6 7. O-O e6 8. Be3
Be7 9. dxc5 O-O 10. b4 Rfd8 11. Nbd2 Rac8 12. Qb3 Qh5 13. h3 Bf5 14. Rfe1 Bd3
15. Bd1 Qd5 16. Nd4 e5 17. Nxc6 Qxc6 18. Nf3 e4 19. Ne5 Qd5 20. Bd4 Bb5 21.
Qxd5 Nxd5 22. Rxe4 f5 23. Re1 Nxb4 24. Rb1 Nd3 25. Nxd3 Bxd3 26. Rxb7 Bxc5 27.
Bb3+ 1-0

[Event "XXXIV C.to Italiano a squadre A2.2"]
[Site "ITA"]
[Date "2002.04.07"]
[Round "4"]
[White "Albano, Marco"]
[Black "Festa, Samuele"]
[WhiteElo "2230"]
[BlackElo "1639"]
[Result "1-0"]
[PlyCount "87"]
[EventDate "2002.02.24"]

1. e4 c5 2. g3 Nc6 3. Bg2 g6 4. Ne2 Bg7 5. O-O d6 6. c3 Qb6 7. Na3 Nf6 8. d4
cxd4 9. cxd4 O-O 10. Nc4 Qa6 11. Ne3 e6 12. Bd2 Bd7 13. Bc3 Rfd8 14. d5 exd5
15. Bxf6 Bxf6 16. Nxd5 Bxb2 17. Rb1 Qa3 18. Qd2 Bg7 19. Rxb7 Rab8 20. Rfb1 Rxb7
21. Rxb7 Be6 22. Nef4 Bxd5 23. Qxd5 Qc1+ 24. Bf1 Ne5 25. Nd3 Qc6 26. Qxc6 Nxc6
27. Rc7 Ne5 28. Rxa7 Nxd3 29. Bxd3 d5 30. exd5 Rxd5 31. Bc4 Rf5 32. Ra8+ Bf8
33. Kg2 Kg7 34. f3 Bb4 35. Ra7 Bc5 36. Rb7 Kf8 37. a4 h5 38. a5 Bd4 39. a6 Ra5
40. Rxf7+ Ke8 41. Rb7 Kd8 42. f4 Kc8 43. Be6+ Kd8 44. Rd7+ 1-0

[Event "XXXIV C.to Italiano a squadre A2.2"]
[Site "ITA"]
[Date "2002.04.07"]
[Round "4"]
[White "Righini, Giovanni"]
[Black "Piccardo, Marco"]
[WhiteElo "1719"]
[BlackElo "2196"]
[Result "1/2-1/2"]
[PlyCount "98"]
[EventDate "2002.02.24"]

1. e4 e5 2. Nf3 Nc6 3. Bc4 Bc5 4. d3 Nf6 5. Nc3 d6 6. Bg5 h6 7. Bxf6 Qxf6 8.
Nd5 Qd8 9. c3 Ne7 10. d4 exd4 11. cxd4 Nxd5 12. dxc5 Nf4 13. O-O O-O 14. cxd6
cxd6 15. Qd2 Qf6 16. Rad1 Be6 17. Bxe6 fxe6 18. Qxd6 Qg6 19. Nh4 Qg4 20. g3
Nh3+ 21. Kg2 Rad8 22. f3 Rxd6 23. fxg4 Rxd1 24. Rxd1 Nf2 25. Rd6 Nxe4 26. Rxe6
Rf2+ 27. Kg1 Re2 28. Re7 Nxg3 29. Rxb7 Ne4 30. Re7 Nc3 31. Rxe2 Nxe2+ 32. Kf2
Nc1 33. a3 Nd3+ 34. Ke3 Nxb2 35. Kd4 Kf7 36. Nf5 Nd1 37. Nd6+ Kf6 38. Ne4+ Ke6
39. h4 g6 40. a4 a5 41. Nc5+ Kf6 42. Kc4 Ke5 43. Kb5 Nc3+ 44. Kxa5 Nxa4 45.
Kxa4 Kf4 46. g5 hxg5 47. Ne6+ Kg4 48. hxg5 Kf5 49. Nf8 Kxg5 1/2-1/2

[Event "XXXIV C.to Italiano a squadre A2.2"]
[Site "ITA"]
[Date "2002.04.07"]
[Round "4"]
[White "Tizzoni, Lionello"]
[Black "Masotti, Roberto"]
[WhiteElo "2009"]
[BlackElo "1705"]
[Result "1-0"]
[PlyCount "80"]
[EventDate "2002.02.24"]

1. e4 c6 2. d3 d5 3. Nd2 e5 4. Ngf3 Bd6 5. g3 Nf6 6. Bg2 O-O 7. O-O a5 8. Re1
dxe4 9. dxe4 b5 10. a4 Ba6 11. Nf1 Qc7 12. Bd2 b4 13. Nh4 Rd8 14. Qf3 Bf8 15.
Bg5 Nbd7 16. Nf5 h6 17. Nxh6+ gxh6 18. Bxf6 Nxf6 19. Qxf6 Bg7 20. Qf3 b3 21.
cxb3 Rd3 22. Re3 Rad8 23. Rae1 Qb6 24. Rc1 R3d6 25. Rec3 Rf6 26. Qe3 Qc7 27.
Qe1 Bf8 28. Ne3 Bb4 29. Nd5 cxd5 30. Rxc7 Bxe1 31. Rxe1 dxe4 32. Bxe4 Rd2 33.
Rc2 Rfxf2 34. Rec1 Rxh2 35. Rxd2 Rxd2 36. Rc5 Rxb2 37. Rxa5 Be2 38. Rxe5 Rxb3
39. Bc2 Rxg3+ 40. Kf2 Rc3 1-0

[Event "XXXIV C.to Italiano a squadre A2.2"]
[Site "ITA"]
[Date "2002.04.07"]
[Round "4"]
[White "Vecchia, Mario"]
[Black "Capurro, Giuliano"]
[WhiteElo "1701"]
[BlackElo "2004"]
[Result "1/2-1/2"]
[PlyCount "37"]
[EventDate "2002.02.24"]

1. e4 d6 2. d4 g6 3. f4 Bg7 4. Nf3 Nf6 5. Nc3 O-O 6. Be2 Bg4 7. O-O Nbd7 8. Be3
Bxf3 9. Bxf3 e5 10. Qd2 Nb6 11. b3 Qe7 12. fxe5 dxe5 13. dxe5 Nfd7 14. Nd5 Qxe5
15. Rad1 Nxd5 16. exd5 Qd6 17. Bd4 Ne5 18. Bxe5 Bxe5 19. g3 1/2-1/2

[Event "XXXIV C.to Italiano a squadre A2.2"]
[Site "ITA"]
[Date "2002.04.21"]
[Round "5"]
[White "Ricci, Marco"]
[Black "Raimondi, Celso"]
[WhiteElo "2162"]
[BlackElo "1543"]
[Result "1-0"]
[PlyCount "113"]
[EventDate "2002.02.24"]

1. e4 c5 2. Nf3 d6 3. d4 cxd4 4. Qxd4 Nc6 5. Bb5 Bd7 6. Bxc6 Bxc6 7. Nc3 e6 8.
Bg5 Nf6 9. O-O-O Be7 10. Rhe1 e5 11. Qd2 h6 12. Bxf6 gxf6 13. Nh4 Qc7 14. Nf5
O-O-O 15. Nd5 Bxd5 16. Qxd5 Bf8 17. Re3 Kb8 18. Rc3 Qd7 19. Rb3 b6 20. Rbd3 Rg8
21. g3 Qe6 22. Qxe6 fxe6 23. Nxd6 Rxd6 24. Rxd6 Bxd6 25. Rxd6 Re8 26. Rd7 f5
27. Rh7 Rf8 28. Rxh6 fxe4 29. Rxe6 Rxf2 30. Rxe5 Rxh2 31. Rxe4 Rg2 32. Rg4 Kb7
33. Rg6 Ka6 34. Rg5 b5 35. a3 Kb6 36. b3 a6 37. Kb2 Re2 38. Rg6+ Kb7 39. Kc3 a5
40. g4 Rg2 41. Kd3 Rg3+ 42. Kd4 a4 43. bxa4 bxa4 44. c3 Ka7 45. Kc4 Kb7 46. Kb4
Re3 47. g5 Re4+ 48. c4 Rg4 49. Kb5 Kc7 50. Rg7+ Kc8 51. g6 Kd8 52. c5 Rg5 53.
Kb6 Rg3 54. Ra7 Rxg6+ 55. c6 Rg3 56. Ra8+ Ke7 57. c7 1-0

[Event "XXXIV C.to Italiano a squadre A2.2"]
[Site "ITA"]
[Date "2002.04.21"]
[Round "5"]
[White "Sgro', Antonino"]
[Black "Popa, Florin"]
[WhiteElo "1788"]
[BlackElo "2215"]
[Result "1/2-1/2"]
[PlyCount "101"]
[EventDate "2002.02.24"]

1. e4 e5 2. Nf3 Nc6 3. Bb5 g6 4. c3 d6 5. d3 Bg7 6. Bg5 Nge7 7. Nbd2 h6 8. Bxe7
Qxe7 9. Nc4 O-O 10. Ne3 f5 11. Bc4+ Kh7 12. Nd5 Qd8 13. h4 Na5 14. Qa4 c6 15.
Ng5+ Kh8 16. Ne7 Qxe7 17. Qxa5 Bf6 18. O-O-O Bxg5+ 19. hxg5 Qxg5+ 20. Kb1 b6
21. Qa3 Rd8 22. g3 Kg7 23. Qb3 Qf6 24. Qc2 d5 25. Bb3 fxe4 26. dxe4 Bg4 27. Qc1
g5 28. Rde1 Bf3 29. Rh2 Bxe4+ 30. Bc2 Bxc2+ 31. Kxc2 Qf5+ 32. Kb3 e4 33. Reh1
Rd6 34. Qe3 c5 35. f4 d4 36. Qe1 g4 37. Rh5 Qf7+ 38. Ka3 Re8 39. Re5 Rxe5 40.
fxe5 Rg6 41. Rf1 Qe7 42. Qxe4 c4+ 43. b4 cxb3+ 44. Kxb3 dxc3 45. Kc2 h5 46. Rf4
Qa3 47. Qb7+ Kh6 48. Qc8 Qxa2+ 49. Kd3 Qd5+ 50. Kc2 Qa2+ 51. Kd3 1/2-1/2

[Event "XXXIV C.to Italiano a squadre A2.2"]
[Site "ITA"]
[Date "2002.04.21"]
[Round "5"]
[White "Tonghini, Rosolino"]
[Black "Albano, Marco"]
[WhiteElo "1905"]
[BlackElo "2230"]
[Result "0-1"]
[PlyCount "120"]
[EventDate "2002.02.24"]

1. d4 Nf6 2. c4 e6 3. Nc3 Bb4 4. Qc2 O-O 5. e4 c5 6. a3 Bxc3+ 7. bxc3 d6 8. Bd3
Nc6 9. Nf3 e5 10. Bg5 h6 11. Be3 b6 12. h3 Qc7 13. d5 Ne7 14. Nh4 Ng6 15. Nf5
Re8 16. g4 Nf4 17. Qd2 Bxf5 18. gxf5 Ng2+ 19. Ke2 Nxe3 20. Qxe3 Nh5 21. Rhg1
Nf4+ 22. Kd2 Qe7 23. Rg4 Kh8 24. Rag1 Rg8 25. Qg3 Qf6 26. Qe3 g6 27. Qg3 Rg7
28. Qh4 Qxh4 29. Rxh4 h5 30. f6 Rgg8 31. Rg5 Kh7 32. Rxf4 exf4 33. h4 Rae8 34.
Ke2 Re5 35. Kf3 Rxg5 36. hxg5 Re8 37. Kxf4 Re5 38. Bf1 Kg8 39. Bh3 Kf8 40. Bd7
a6 41. a4 Kg8 42. Ke3 Rxg5 43. f4 Rg3+ 44. Kf2 Rxc3 45. e5 dxe5 46. fxe5 Rxc4
47. e6 fxe6 48. dxe6 Rf4+ 49. Ke3 Rxf6 50. e7 Rf8 51. exf8=Q+ Kxf8 52. Bc8 a5
53. Ba6 Ke7 54. Bf1 g5 55. Ke4 Kf6 56. Kd5 g4 57. Kc6 g3 58. Kb5 Kf5 59. Bg2
Kf4 60. Kc4 Ke3 0-1

[Event "XXXIV C.to Italiano a squadre A2.2"]
[Site "ITA"]
[Date "2002.04.21"]
[Round "5"]
[White "Vecchia, Mario"]
[Black "Gabetto, Flaviano"]
[WhiteElo "1701"]
[BlackElo "2125"]
[Result "1-0"]
[PlyCount "93"]
[EventDate "2002.02.24"]

1. e4 Nc6 2. d4 d5 3. e5 Bf5 4. c3 e6 5. Bd3 Nge7 6. Bg5 Qd7 7. f4 h6 8. Bh4
Bxd3 9. Qxd3 Nf5 10. Bf2 h5 11. Nf3 Be7 12. Nbd2 a5 13. g3 a4 14. h3 b5 15. Ke2
g6 16. g4 Ng7 17. Qxb5 Rb8 18. Qxa4 Rxb2 19. Rab1 Rxb1 20. Rxb1 O-O 21. Qc2 Ra8
22. Bh4 Bxh4 23. Nxh4 Qe7 24. Nhf3 Qa3 25. Rb2 Kf8 26. Qb3 Qa6+ 27. Ke3 Rb8 28.
Qc2 Ra8 29. Ne1 Ke7 30. Nd3 hxg4 31. hxg4 Rh8 32. Nf3 Na5 33. Kf2 Nc4 34. Nc5
Qc6 35. Rb4 Rh1 36. Qb3 Ne8 37. Ra4 Nb6 38. Ra6 Ra1 39. Qb4 Kd8 40. a4 Ra2+ 41.
Kg3 f5 42. Ng5 Ng7 43. a5 fxg4 44. axb6 Nf5+ 45. Kxg4 Ne3+ 46. Kf3 Nc2 47.
bxc7+ 1-0